Catálogo

Vista normal Vista MARC

Entrada Personal Name

Número de registros utilizados en: 1

001 - CONTROL NUMBER

  • control field: 13438

003 - CONTROL NUMBER IDENTIFIER

  • control field: DLC

005 - DATE AND TIME OF LATEST TRANSACTION

  • control field: 20221019123614.0

008 - FIXED-LENGTH DATA ELEMENTS

  • fixed length control field: 150818n| azannaabn |a aaa

010 ## - LIBRARY OF CONGRESS CONTROL NUMBER

  • LC control number: n 2015050617

040 ## - CATALOGING SOURCE

  • Original cataloging agency: DLC
  • Language of cataloging: spa
  • Description conventions: rda
  • Transcribing agency: Mx-PuUPA
  • Modifying agency: Mx-PuUPA

100 1# - HEADING--PERSONAL NAME

  • Personal name: Santos-Preciado, José Ignacio,

374 ## - OCCUPATION

  • Occupation: Autor

375 ## - GENDER

  • Gender: hombre

377 ## - ASSOCIATED LANGUAGE

  • Language code: spa

400 1# - SEE FROM TRACING--PERSONAL NAME

  • Personal name: Preciado, José Ignacio Santos-

670 ## - SOURCE DATA FOUND

  • Source citation: Neglected tropical diseases. Latin America and the Caribbean, 2015:
  • Information found: t.p. (José Ignacio Santos-Preciado) p. 1 (M.D., M. Sc.; Unidad de Medicina Experimental, Facultad de Medicina, Universidad Nacional Autónoma de Mexico)